LEADER 01699nam0 22003853i 450 001 VAN0244488 005 20231213040414.539 017 70$2N$a9783030567774 100 $a20220408d2020 |0itac50 ba 101 $aeng 102 $aCH 105 $a|||| ||||| 200 1 $aBuilding and Probing Small for Mechanics$feditor Christian Joachim 210 $aCham$cSpringer$d2020 215 $aVIII, 232 p.$cill.$d24 cm 410 1$1001VAN0123942$12001 $aAdvances in Atom and Single Molecule Machines$1210 $aCham$cSpringer$d2012- 620 $aCH$dCham$3VANL001889 676 $a572.633$cStruttura molecolare$v22 676 $a540$cChimica generale$v22 676 $a621$cFisica applicata$v22 676 $a620.5$cNanotecnologia$v22 676 $a621.39$cMicroingegneria$v22 676 $a530.4175$cFilm sottili$v22 676 $a541.24$cStruttura atomica$v22 702 1$aJoachim$bChristian$3VANV095407 712 $aSpringer $3VANV108073$4650 801 $aIT$bSOL$c20240614$gRICA 856 4 $u/sebina/repository/catalogazione/documenti/624.pdf$z624.pdf 856 4 $uhttps://rd.springer.com/book/10.1007/978-3-030-56777-4$zE-book - Accesso al full-text attraverso riconoscimento IP di Ateneo, proxy e/o Shibboleth 899 $aBIBLIOTECA DEL DIPARTIMENTO DI SCIENZE E TECNOLOGIE AMBIENTALI BIOLOGICHE E FARMACEUTICHE$1IT-CE0101$2VAN17 912 $fN 912 $aVAN0244488 950 $aBIBLIOTECA DEL DIPARTIMENTO DI SCIENZE E TECNOLOGIE AMBIENTALI BIOLOGICHE E FARMACEUTICHE$d17CONS e-book 2221 $e17BIB2221/231 231 20220408 996 $aBuilding and probing small for mechanics$92538897 997 $aUNICAMPANIA LEADER 02333nam2 2200445 i 450 001 CFI0021657 005 20251003044110.0 010 $a8837103565 020 $aIT$b87-4778 100 $a20170523d1985 ||||0itac50 ba 101 | $aita 102 $ait 181 1$6z01$ai $bxxxe 182 1$6z01$an 183 1$6z01$anc$2RDAcarrier 200 1 $aˆ2: ‰Strutture iperstatiche e verifiche di resistenza$fErasmo Viola 205 $aNuova ed 210 $aBologna$cPitagora$d1985 215 $aVII, 445 p.$cill.$d24 cm. 461 1$1001VEA0013661$12001 $aEsercitazioni di scienza delle costruzioni$fErasmo Viola$v2 606 $aScienza delle costruzioni$xEsercizi$2FIR$3CFIC021454$9E 606 $aStrutture iperstatiche$xCalcolo$2FIR$3SBLC133560$9I 676 $a620$9INGEGNERIA E ATTIVITA' AFFINI$v14 676 $a624.1076$9INGEGNERIA STRUTTURALE E TECNICA DELLE COSTRUZIONI SOTTERRANEE. Prontuari ed esercizi$v14 676 $a624.17$9Analisi e progettazione strutturale$v20 676 $a624.17$9INGEGNERIA STRUTTURALE. ANALISI E PROGETTAZIONE STRUTTURALE$v21 676 $a624.17076$9Tecnica delle costruzioni. Teoria delle strutture. Prontuari ed esercizi$v22 696 $aMeccanica applicata alle costruzioni 696 $aCalcoli 699 $aScienza delle costruzioni$yMeccanica applicata alle costruzioni 699 $aCalcolo$zCalcoli 700 1$aViola$b, Erasmo$3CFIV016050$4070$0440080 801 3$aIT$bIT-000000$c20170523 850 $aIT-BN0095 $aIT-AV0007 $aIT-NA0079 $aIT-NA0310 901 $bNAP BN$cS.MOD $nLa consegna dei documenti è effettuata dall'Ufficio Distribuzione 912 $aCFI0021657 950 2$aBiblioteca Centralizzata di Ateneo$cv. 2-3 in tre copie$d 01SALA DING 624.1076 VIO.es$e 0102 0000040125 VMA A4(0002 v. 2$fY $h20020304$i20020304$cv. 2-3 in tre copie$d 01SALA DING 624.1076 VIO.es$e 0102 0000098245 VMA A4(0002bis v. 2 (2. copia)$fY $h20140701$i20140702$cv. 2-3 in tre copie$d 01SALA DING 624.1076 VIO.es$e 0102 0000098255 VMA A4(0002ter v. 2 (3. copia)$fY $h20140701$i20140702 977 $a 01$a AV$a BN$a FS 996 $aStrutture iperstatiche e verifiche di resistenza$91759736 997 $aUNISANNIO